Innovation and firm-level productivity: (Record no. 506340)

000 -LEADER
fixed length control field 00449nam a2200157Ia 4500
008 - FIXED-LENGTH DATA ELEMENTS--GENERAL INFORMATION
fixed length control field 181130s2017 xx 000 0 und d
100 ## - MAIN ENTRY--PERSONAL NAME
Personal name Waheed, Abdul
245 ## - TITLE STATEMENT
Title Innovation and firm-level productivity:
Remainder of title evidence from Bangladesh
260 ## - PUBLICATION, DISTRIBUTION, ETC.
Date of publication, distribution, etc. 2017
300 ## - PHYSICAL DESCRIPTION
Extent p.290-314.
504 ## - BIBLIOGRAPHY, ETC. NOTE
-- Dec
650 ## - SUBJECT ADDED ENTRY--TOPICAL TERM
Topical term or geographic name entry element Labour productivity
650 ## - SUBJECT ADDED ENTRY--TOPICAL TERM
Topical term or geographic name entry element Labour productivity - Bangladesh
773 ## - HOST ITEM ENTRY
Main entry heading Developing Economies
906 ## - LOCAL DATA ELEMENT F, LDF (RLIN)
a Labour productivity
Holdings
Withdrawn status Lost status Damaged status Not for loan Permanent Location Current Location Date acquired Serial Enumeration / chronology Barcode Date last seen Price effective from Koha item type
        Indian Institute of Public Administration Indian Institute of Public Administration 2018-12-07 55(4), Dec, 2017: p.290-314. AR118135 2018-12-07 2018-12-07 Articles

Powered by Koha